00406nam a2200157Ia 45000010006000000050017000060080041000230410008000640820018000721000023000902450075001132600009001883000035001976500008002326540008002401378120260306164826.0260306t2000||||xx |||||||||||||| ||spa|| aESP a005.133JbW23 aWang, Paul S.eAUT 0aJava:bcon programación orientada a objetos y aplicaciones en la WWW c2000 axviii, 444 páginas :c24 cm. aGEN aCCC